00342nam a2200121 a 450000500170000000800410001702000180005805000180007610000230009424500590011726000350017630000090021120140412111327.0110115s19uu xx 00 eng d a0-383-03575-9 aBBbIw11 1994 aFerguson, Virginia aI Went to visit a friend one day /cVirginia Ferguson. aAustralia :bMacmillan,c1994. a12p.